Loading...
| Science - Other Science | 0 | 5 | 0 | 0 | 50 | 31 | 52.60 | 2 | 5 |
| Science - Chemistry | 0 | 3 | 0 | 1 | 30 | 34 | 85.67 | 1 | 2 |
| Science - Physics | 0 | 3 | 0 | 0 | 30 | 31 | 42.33 | 2 | 3 |
| Science - Biology | 0 | 3 | 1 | 0 | 25 | 55 | 62.33 | 2 | 3 |
| Literature - World/Other Literature | 0 | 2 | 0 | 0 | 20 | 59 | 71.50 | 0 | 2 |
| History - American History | 0 | 2 | 0 | 0 | 20 | 60 | 61.00 | 1 | 2 |
| Other Academic | 0 | 2 | 0 | 1 | 20 | 82 | 108.50 | 0 | 1 |
| Philosophy | 0 | 2 | 0 | 0 | 20 | 98 | 109.00 | 0 | 1 |
| Literature - American Literature | 0 | 2 | 0 | 0 | 20 | 84 | 88.50 | 0 | 2 |
| Social Science | 0 | 1 | 0 | 0 | 10 | 74 | 74.00 | 0 | 1 |
| Geography/Current Events | 0 | 1 | 0 | 0 | 10 | 74 | 74.00 | 0 | 1 |
| History - European History | 0 | 1 | 0 | 0 | 10 | 73 | 73.00 | 0 | 0 |
| History - Other History | 0 | 1 | 0 | 0 | 10 | 54 | 54.00 | 0 | 1 |
| History - World History | 0 | 1 | 0 | 0 | 10 | 97 | 97.00 | 0 | 0 |
| Literature - European Literature | 0 | 1 | 0 | 0 | 10 | 50 | 50.00 | 0 | 1 |
| Pop Culture | 0 | 1 | 0 | 0 | 10 | 69 | 69.00 | 1 | 1 |
| Religion | 0 | 1 | 0 | 0 | 10 | 76 | 76.00 | 0 | 1 |
| Fine Arts - Visual Fine Arts | 0 | 1 | 0 | 0 | 10 | 57 | 57.00 | 0 | 1 |
| Literature - British Literature | 0 | 0 | 1 | 0 | -5 | 0.00 | 0 | 0 |